| Поле | Название | Значение |
| |
Тип записи |
a |
| |
Библиографический уровень |
m |
| 001 |
Контрольный номер |
UONB/MAIN/7c8dce1334ed45d0a5a4bfe94e92d215 |
| 005 |
Дата корректировки |
20260703113535.1 |
| 010 |
Индекс ISBN |
__ |
| a |
ISBN |
5-02-014108-9 |
| b |
Уточнения |
в пер. |
| d |
Цена |
3 р. |
| 9 |
Тираж |
4700 экз. |
| 100 |
Данные общей обработки |
__ |
| a |
Данные общей обработки |
20260703d1989 k y0rusy0189## ca |
| 101 |
Язык документа |
0_ |
| a |
Язык текста |
rus |
| 102 |
Страна публикации |
__ |
| a |
Страна публикации |
RU |
| 105 |
Кодированные данные (монография) |
__ |
| a |
Кодированные данные (монография) |
a z 001yy |
| 200 |
Заглавие и сведения об ответственности |
1_ |
| a |
Заглавие |
Логические методы исследования дискретных моделей выбора |
| f |
Первые сведения об ответственности |
Л. А. Шоломов |
| 203 |
Вид содержания и тип средства |
__ |
| a |
Вид содержания |
Текст |
| b |
Характеристика содержания |
визуальный |
| c |
Тип средства |
непосредственный |
| 210 |
Выходные данные |
1_ |
| a |
Место издания |
Москва |
| c |
Издательство |
Наука |
| d |
Дата издания |
1989 |
| 215 |
Физическое описание |
__ |
| a |
Объем |
287, [1] с. |
| c |
Иллюстрации/тип воспроизводства |
ил. |
| d |
Формат |
22 см |
| 225 |
Серия |
1_ |
| a |
Серия |
Теория и методы системного анализа |
| v |
Обозначение тома |
№ 24 |
| 320 |
Библиография |
__ |
| a |
Библиография |
Библиогр.: с. 284-288 |
| 606 |
Тематические рубрики |
0_ |
| a |
Основная рубрика |
Принятие решений |
| x |
Основная подрубрика |
Логические основы |
| 610 |
Ключевые слова |
0_ |
| a |
Ключевые слова |
модели выбора дискретные; методы исследования логические; принятие решений |
| 675 |
Индекс УДК |
__ |
| a |
Индекс УДК |
517.85 |
| 686 |
Индексы других классификаций |
__ |
| a |
Классификационный индекс |
22.183 |
| 2 |
Код системы |
rubbk |
| 700 |
Автор |
_1 |
| a |
Фамилия |
Шоломов |
| b |
Имя (инициалы) |
Л. А. |
| g |
Полное личное имя |
Лев Абрамович |
| 801 |
Источник записи |
_0 |
| a |
Страна |
RU |
| b |
Организация |
Ульяновская ОНБ |
| c |
Дата составления |
20260703 |
| g |
Правила каталогизации |
RCR |
| 801 |
Источник записи |
_1 |
| a |
Страна |
RU |
| b |
Организация |
Ульяновская ОНБ |
| c |
Дата составления |
20260703 |
| g |
Правила каталогизации |
RCR |
| 901 |
Тип документа |
__ |
| t |
Тип документа |
m |
| 909 |
Создатель записи |
__ |
| a |
Создатель записи |
Богданова |
| b |
Дата создания записи |
20260703 |